LEADER 01177nam0-2200337---450- 001 990004777460403321 005 20110630150652.0 035 $a000477746 035 $aFED01000477746 035 $a(Aleph)000477746FED01 035 $a000477746 100 $a19990604d1833----km-y0itay50------ba 101 0 $aita 102 $aIT 105 $ay-------001yy 200 1 $aStoria della decadenza de' costumi delle scienze e della lingua dei romani ne' primi secoli dopo la nascita di G. C.$fdi Cristoforo Meiners$gtraduzione dal tedesco di Antonio Raineri 210 $aMilano$cper Giovanni Silvestri$d1833 215 $aX, 428 p.$d16 cm 225 1 $aBiblioteca scelta di opere tedesca tradotte in lingua italiana$v2 610 0 $aRoma antica$aUsi e costumi 676 $a937 676 $a394 700 1$aMeiners,$bChristoph$0190992 702 1$aRaineri,$bAntonio 801 0$aIT$bUNINA$gRICA$2UNIMARC 901 $aBK 912 $a990004777460403321 952 $aSG 900/A 42$b2390$fFLFBC 959 $aFLFBC 996 $aStoria della decadenza de' costumi delle scienze e della lingua dei romani ne' primi secoli dopo la nascita di G. C$9559886 997 $aUNINA LEADER 01192nam0-22003371n-450- 001 990002663400203316 005 20060529102743.0 035 $a000266340 035 $aUSA01000266340 035 $a(ALEPH)000266340USA01 035 $a000266340 100 $a20050927-1985----m||y0itay0103----ba 101 0 $aita 102 $aIT 105 $aa|||z|||001yy 200 1 $aTra due beatrici con la carmenaurora di J.L. Godard$etavole da Goya sul femminino rivoluzionario ottocentesco assumibile a conferma dell'analogo femminino profetico dantesco$fEgidio Guidubaldi 210 $aSassari$cVita Nova editrice$d1985 215 $a84 p., [12] c. di tav.$cill.$d20x20 cm. 300 $aSul front.: Istituto Mediterraneo "Dante Alighieri" 600 1$aGodard,$bJean-Luc 676 $a791.430233 700 1$aGUIDUBALDI,$bEgidio$0194101 801 0$aIT$bsalbc$gISBD 912 $a990002663400203316 951 $aXIII.2. 1809(XVI D 256)$b139008 L.M.$cXVI D$d00083431 959 $aBK 969 $aUMA 979 $aRENATO$b90$c20050927$lUSA01$h1100 979 $aCOPAT1$b90$c20060529$lUSA01$h1027 996 $aTra due beatrici con la carmenaurora di J.L. Godard$91004926 997 $aUNISA